The reluctant ally : Austria's policy in the Austro-Turkish war, 1737-1739
Αποθηκεύτηκε σε:
| Κύριος συγγραφέας: | |
|---|---|
| Μορφή: | Βιβλίο |
| Γλώσσα: | English |
| Δημοσίευση: |
Baton Rouge :
Louisiana State University Press,
1972.
|
| Θέματα: | |
| Ετικέτες: |
Προσθήκη ετικέτας
Δεν υπάρχουν, Καταχωρήστε ετικέτα πρώτοι!
|
MARC
| LEADER | 00000cam a2200000 a 4500 | ||
|---|---|---|---|
| 001 | 1/118386 | ||
| 008 | 190409s1972####us ||||||| |||| ||eng|| | ||
| 020 | |a 0807102377 | ||
| 040 | |a GR-MyUa |b gre |c GR-MyUa |e AACR2 | ||
| 041 | 0 | |a eng | |
| 082 | 7 | |a 943.6 |2 (23) | |
| 100 | 1 | |a Roider, Karl A. | |
| 245 | 1 | 4 | |a The reluctant ally : |b Austria's policy in the Austro-Turkish war, 1737-1739 / |c Karl A. Roider, Jr. |
| 260 | |a Baton Rouge : |b Louisiana State University Press, |c 1972. | ||
| 300 | |a 198 σ. ; |c 22 εκ. | ||
| 650 | 0 | |a Austro-Turkish War, 1737-1739 |x History. | |
| 651 | 0 | |a Austria |x Foreign relations |z Greece. | |
| 852 | |a INST |b LESVOS |e 20190409 |h 943.6 ROI |p 005100062004 |q 005100062004 |t BK |y 0 | ||
| 970 | |a Δημάκη |b Μαρία |z 09-04-2019. | ||